000 01472cam a2200433 a 4500
001 16174625
003 NUST
005 20211206103948.0
008 100407s2010 pk bd bs 000 0 eng
010 _a 2010341651
020 _a9789699370045
025 _aP-E-2010341651; 28
038 _awaseem
040 _aDLC
_cDLC
042 _alcode
_apcc
043 _aa-pk---
050 0 0 _aDS392.F43
_bR364 2010
082 _a322.42
_bRAN
100 1 _aRānā, Muḥammad ʻĀmir.
_985717
245 1 0 _aDynamics of Taliban insurgency in FATA /
_cMuhammad Amir Rana, Safdar Sial, Abdul Basit.
246 3 _aDynamics of Taliban insurgency in Federally Administered Tribal Areas
246 3 0 _aFATA
246 3 _aFederally Administered Tribal Areas
250 _a1st ed.
260 _aIslamabad :
_bPak Institute for Peace Studies,
_c2010.
300 _a260 p. :
_bmaps, charts ;
_c23 cm.
500 _aIncludes statistical tables.
504 _aIncludes bibliographical references.
563 _aHBK.
610 2 0 _aTaliban.
_985718
650 0 _aInsurgency
_zPakistan
_zFederally Administered Tribal Areas.
_985719
651 0 _aFederally Administered Tribal Areas ( Pakistan)
_xPolitics and government.
_985720
700 1 _aSial, Safdar.
_985721
700 1 _aBasit, Abdul.
_985722
710 2 _aPak Institute for Peace Studies.
_985723
906 _a7
_bcbc
_corigode
_d3
_encip
_f20
_gy-gencatlg
942 _2ddc
_cBK
999 _c587074
_d587074